Responses for Show #3014 - Thursday, October 9, 1997

Contestants

[<< previous game]

Dylan Armstrong, a library assistant from Weathersfield, Connecticut

Amy Vandenberg, a high school English teacher from Grand Rapids, Michigan

Phil Ackerman, a law student originally from Fort Atkinson, Wisconsin (whose 1-day cash winnings total $5,400)

[next game >>]

Jeopardy! Round responses

HISTORY
TV TWINS
HEY, WHAT'S COOKING
STATE CAPITALS
BIRD WATCHING
"OOP"S!
    $100 13
Hong Kong

Dylan
    $100 1
David Hasselhoff

Dylan
    $100 4
Belgium

Phil
    $100 2
Honolulu

Dylan
    $100 19
(Dylan: What is a telephoto lens?)

binoculars

AmyDylan
    $200 14
the Hapsburgs

Dylan
    $200 5
Ursula

Triple Stumper
    $200 9
ox-tail soup

Dylan
    $200 3
Dover

Amy
    $200 27
(Dylan: What is a swallow?)
(Buzzer sound to end round may have been edited out of tape, but the round ended at this point)

a sparrow

Dylan
Triple Stumper
    $300 15
(Amy: What is Yalta?)
(Phil: What is Tripoli?)

Casablanca

PhilAmy
Triple Stumper
    $500 6
(Phil: [No response])

Twin Peaks

Phil
    $300 18
noodles

Dylan
    $300 10
Baton Rouge

Dylan
    $300 26
the Audubon Society

Amy
    $400 16
(Dylan: Who is Bluebeard?)

Captain Kidd

Dylan
Triple Stumper
    $400 7
Days of Our Lives

Amy
    $400 20
calzone

Phil
    $400 11
Santa Fe

Phil
    $400 25
migration

Amy
    $400 23
a sloop

Dylan
    $500 17
(Phil: Who is Vasco da Gama?)

Bartolomeo Diaz

PhilAmy
    $500 8
Mary-Kate & Ashley Olsen

Amy
    $500 21
(Alex: We have less than a minute to go, Phil.)

bulgur

Triple Stumper
    $500 12
(Phil: What is Nevada?)
...
(Alex: We were going for the city, not the state.)

Carson City

PhilDylan
    $500 24
Roger Tory Peterson

Dylan
    $500 22
(Amy: What are loops?)
(Alex: [Looks at judges] ...No.)

loopholes

PhilAmy

Scores at the first commercial break (after clue 14):

Phil Amy Dylan
-$500 $1,100 $1,500

Scores at the end of the Jeopardy! Round:

Phil Amy Dylan
-$400 $1,600 $2,000

Double Jeopardy! Round responses

SPACE FLIGHT
ENDANGERED ANIMALS
POETS & POETRY
ELVIS MOVIES
COLLEGES & UNIVERSITIES
DOUBLE TALK
    $200 8
woodpecker

Amy
    $200 14
"The Midnight Ride of Paul Revere"

Dylan
    $200 1
Germany

Dylan
    $200 2
Harvard

Dylan
    $200 7
bonbon

Dylan
    $400 26
Israel

Phil
    $400 19
Elephant

Dylan
    $400 15
Gold

Amy
    $400 13
Maureen Reagan

Amy
    $400 3
Arizona State

Dylan
    $400 9
Dilly-Dilly

Triple Stumper
    $600 25
Mir

Dylan
    $600 20
(D: What is a llama?)

Vicuna

Dylan
Triple Stumper
    $600 16
Afton

Triple Stumper
    $600 4
William & Mary

Dylan
    $600 10
Yo-Yo

Phil
    $800 24
Wernher Von Braun

Phil
    $800 21
(A: What is a leopard) (a minute to go...)

Ocelot

PhilAmy
    $800 17
Lord Byron

Triple Stumper
    $800 5
Houston

Amy
    $1,000 11
(Phil: [No response])
(Alex: Amy, help him out...)

Duran Duran

Phil
    $1000 23
Robert Goddard

Triple Stumper
    $1000 22
Sheep

Triple Stumper
    $1,200 18
"The Rape of the Lock" (by Alexander Pope)

Amy
    $1000 27
[The end-of-round signal sounds.]

Shelley Fabares

Amy
    $1000 6
Gallaudet

Triple Stumper
    $1000 12
Pago Pago

Triple Stumper

Scores at the end of the Double Jeopardy! Round:

Phil Amy Dylan
$1,200 $4,800 $4,200

[wagering suggestions for these scores]

Final Jeopardy! Round responses

FAMOUS WOMEN
PhilWho is Mi
$0
DylanWho is Kate Hepburn?
$1,799
AmyWho is Mother Teresa? Hi WCHS :)
$599
Katharine Hepburn

Final scores:

Phil Amy Dylan
$1,200 $4,201 $5,999
3rd place: a Monorail Desktop PC 2nd place: a trip to the Grand Hotel Bahia del Duque, Canary Islands New champion: $5,999

Game dynamics:

Coryat scores:

Phil Amy Dylan
$2,700 $4,600 $4,200
8 R,
5 W
(including 2 DDs)
13 R
(including 1 DD),
3 W
18 R,
4 W

Combined Coryat: $11,500

[game clues] [game scores] [suggest correction]

Game tape date: Unknown
The J! Archive is created by fans, for fans. Scraping, republication, monetization, and malicious use prohibited; this site may use cookies and collect identifying information. See terms. The Jeopardy! game show and all elements thereof, including but not limited to copyright and trademark thereto, are the property of Jeopardy Productions, Inc. and are protected under law. This website is not affiliated with, sponsored by, or operated by Jeopardy Productions, Inc. Join the discussion at JBoard.tv.